| 000 | 00472nam a2200121Ia 4500 | ||
|---|---|---|---|
| 008 | 170221s9999 xx 000 0 und d | ||
| 100 | _aDudukovic, Sanja. | ||
| 245 | 2 | _aA Cumulant-based stock market volatility modeling – Evidence from the international stock markets | |
| 245 | _cSanja Dudukovic, Franklin University Switzerland. | ||
| 260 | _bJournal of Management and Marketing Research | ||
| 650 | _xBusiness | ||
| 856 | _uhttp://www.aabri.com/manuscripts/141970.pdf | ||
| 999 |
_c307369 _d307369 |
||